000 00677cam a22001815a 4500
001 L156084
008 120430s1844 xxk f 000 0 eng d
035 _a(Sirsi) u156084
041 0 _aeng
100 1 _aLow, David
_d1786-1859
245 0 0 _aOn landed property and the economy of estates
_bcomprehending the relation of landlord and tenant, and the principles and forms of leases ...
260 _aLondon
_bLongman, Brown, Green, & Longmans
_cMDCCCXLIV [1844]
300 _axii, 680, [2], 32 p.
_billus., engr. figs
_c8vo.
583 _aCondition reviewed
_c20120620
_lcondition level 1
651 4 _aGreat Britain
_y1707-
690 _aLandlord and tenant
_96252
942 _n0
999 _c114020
_d114020